000 00663cam a22002293a 4500
001 16410
003 PGUSA
005 20140828083341.0
008 050801s2005||||xxu|||||s|||||000 | eng d
040 _aPGUSA
_beng
042 _adc
050 4 _aQL
100 1 _aCarpenter, George H.
_q(George Herbert),
_d1865-1939
245 1 4 _aThe Life-Story of Insects
_h[electronic resource] /
_cGeorge H. Carpenter
260 _bProject Gutenberg,
_c2005
506 _aPublic domain in the USA.
516 _aElectronic text
653 _aInsects -- Development
830 0 _aProject Gutenberg
_v16410
856 4 0 _uhttp://www.gutenberg.org/ebooks/16410
942 _cEB
999 _c245665
_d245665